Berkat amalan mulia

Bibliographic Details
Main Author: Masniza Abdul Hamid
Format: Book
Published: Petaling Jaya : Syarikat Damai Bersama , 2006
Series:Koleksi bimbingan akhlak mulia
Subjects:

MARC

LEADER 00000cam a2200000 7i4500
001 0000005666
005 20220105104013.0
008 070808
020 |a 9839447483(set) 
020 |a 983944753X 
090 0 0 |a JP   |b MOR MAL (7076) 
100 0 |a Masniza Abdul Hamid 
245 1 0 |a Berkat amalan mulia   |c Masniza Abdul Hamid 
260 |a Petaling Jaya :   |b Syarikat Damai Bersama ,   |c 2006 
440 |a Koleksi bimbingan akhlak mulia 
500 |a Children age 4-6 years old (yellow) 
650 0 |a Junior preschool   |x Malay   |x Languages 
650 0 |a Moral 
999 |a 0000981206   |b Book   |c Children Collection   |e Cawangan Bandar Tenggara 
999 |a 0000981208   |b Book   |c Children Collection   |e Perbadanan Perpustakaan Awam Johor 
999 |a 0000981209   |b Book   |c Children Collection   |e Cawangan Bukit Gambir 
999 |a 0000981210   |b Book   |c Children Collection   |e Perbadanan Perpustakaan Awam Johor 
999 |a 0000984083   |b Book   |c Children Collection   |e Cawangan Taman Universiti 
999 |a 0000984084   |b Book   |c Children Collection   |e Cawangan Taman Universiti